Cheques, letras de cambio y pagarés
Kaydedildi:
| Yazar: | |
|---|---|
| Materyal Türü: | Kitap |
| Dil: | İspanyolca |
| Baskı/Yayın Bilgisi: |
Santiago
Jurídica de Chile
2001
|
| Konular: | |
| Etiketler: |
Etiketle
Etiket eklenmemiş, İlk siz ekleyin!
|
MARC
| LEADER | 00000nam a2200000 a 4500 | ||
|---|---|---|---|
| 001 | UCN6486 | ||
| 003 | CL-VaPUC | ||
| 008 | 010928e20010800CL |||||||||||||||||spa|d | ||
| 082 | 0 | 4 | |a 346.096 |b MOR |2 21 |
| 100 | |a Morales Palma, Jorge |e autor |9 760391 | ||
| 245 | 1 | 0 | |a Cheques, letras de cambio y pagarés |
| 300 | |a 91 p | ||
| 942 | |c BK | ||
| 945 | |d 20010928 00:00:00 |a vberengu | ||
| 260 | |a Santiago |b Jurídica de Chile |c 2001 | ||
| 650 | 0 | |a Cheque |9 257249 | |
| 650 | 7 | |a CHEQUE JURISPRUDENCIA |2 CL-VaPUC |9 450010 | |
| 650 | 7 | |a CHEQUE LEGISLACION |2 CL-VaPUC |9 450011 | |
| 650 | 7 | |a LETRA DE CAMBIO |2 CL-VaPUC |9 257958 | |
| 650 | 7 | |a AVAL |2 CL-VaPUC |9 386293 | |
| 650 | 7 | |a PAGARES |2 CL-VaPUC |9 256446 | |
| 650 | 0 | |a Warrants |9 462134 | |
| 651 | 7 | |a CHILE |2 CL-VaPUC |9 462135 | |
| 583 | |a last modification |c 20010928 00:00:00 |k Rodrigo Vera | ||
| 999 | |c 297239 |d 297237 | ||
| 952 | |0 0 |1 0 |4 0 |6 346_096000000000000_MOR_2001 |7 0 |8 A |9 351785 |a BIBDER |b BIBDER |d 2019-11-21 |i 3757315 |o 346.096 MOR 2001 |p 3757315 |r 2023-01-25 |w 2019-11-21 |y BK |k DER | ||